Účtovná profesia z aspektu Medzinárodných organizácií účtovníkov diplomová práca

Guardado en:
Detalles Bibliográficos
Autor principal: Valachová, Veronika
Autor Corporativo: Fakulta hospodárskej informatiky EU. Katedra účtovníctva a audítorstva
Otros Autores: Surový, Vladimír
Formato: Libro
Lenguaje:eslovaco
Publicado: Bratislava 2014
Etiquetas: Agregar Etiqueta
Sin Etiquetas, Sea el primero en etiquetar este registro!

MARC

LEADER 00000nbm a2200000 4500
001 0188648
005 20170201105122.7
041 0 |a slo 
044 |a SK 
245 1 0 |a Účtovná profesia z aspektu Medzinárodných organizácií účtovníkov  |b diplomová práca  |c Veronika Valachová ; školiteľ: Vladimír Surový 
264 1 |a Bratislava  |c 2014 
300 |a 63 s. 
100 1 |a Valachová, Veronika 
700 1 |a Surový, Vladimír 
710 2 |a Fakulta hospodárskej informatiky EU. Katedra účtovníctva a audítorstva